Adwords for Digital Marketing Ninjas: A Step-by-Step Beginner's Guide (Record no. 13749)

MARC details
000 -LEADER
fixed length control field 00410nam a2200157 4500
003 - CONTROL NUMBER IDENTIFIER
control field OSt
008 - FIXED-LENGTH DATA ELEMENTS--GENERAL INFORMATION
fixed length control field 251010b |||||||| |||| 00| 0 eng d
020 ## - INTERNATIONAL STANDARD BOOK NUMBER
International Standard Book Number 978-1520880143
082 ## - DEWEY DECIMAL CLASSIFICATION NUMBER
Classification number 658.872
Item number CHA
100 ## - MAIN ENTRY--PERSONAL NAME
Personal name CHOUDHARY, Sourabh
245 ## - TITLE STATEMENT
Title Adwords for Digital Marketing Ninjas: A Step-by-Step Beginner's Guide
260 ## - PUBLICATION, DISTRIBUTION, ETC. (IMPRINT)
Name of publisher, distributor, etc Independently published
300 ## - PHYSICAL DESCRIPTION
Extent 126
650 ## - SUBJECT ADDED ENTRY--TOPICAL TERM
Topical term or geographic name as entry element BBA
942 ## - ADDED ENTRY ELEMENTS (KOHA)
Source of classification or shelving scheme Dewey Decimal Classification
Koha item type Text Books
Holdings
Withdrawn status Lost status Source of classification or shelving scheme Damaged status Not for loan Collection code Home library Current library Date acquired Source of acquisition Currency Cost, normal purchase price Bill Number Total Checkouts Full call number Acc. no. / Barcode Date last seen Actual Cost, discounted price Bill Date Koha item type Checked out Date last borrowed
    Dewey Decimal Classification     BBA PIET C-LIBRARY PIET C-LIBRARY 09/10/2025 Zaffa Books INR 640.00 ZBD0282   658.872 CHA 39793 10/10/2025 608.00 09/10/2025 Reference Books    
    Dewey Decimal Classification     BBA PIET C-LIBRARY PIET C-LIBRARY 09/10/2025 Zaffa Books INR 640.00 ZBD0282 2 658.872 CHA 39794 13/01/2026 608.00 09/10/2025 Text Books 03/08/2026 13/01/2026

Design & Developed by: PIET Central Library
R70 Miles Stone Pattikalyana Samalkha Panipat 132102
mail ID :- [email protected], Phone No:- 0180-2569700 Ex.216